Historia menuda de un pueblo gallego (Record no. 39580)

MARC details
000 -LEADER
campo de control de longitud fija 00610nam a2200193 i 4500
001 - NÚMERO DE CONTROL
campo de control 39580
003 - IDENTIFICADOR DE NÚMERO DE CONTROL
campo de control ES-MaACL
005 - FECHA Y HORA DE LA ÚLTIMA TRANSACCIÓN
campo de control 20230906160032.0
007 - CAMPO FIJO DE DESCRIPCIÓN FÍSICA--INFORMACIÓN GENERAL
campo de control de longitud fija t|
008 - DATOS DE LONGITUD FIJA--INFORMACIÓN GENERAL
campo de control de longitud fija 030303s1953 sp ||||1| spa d
100 1# - ENTRADA PRINCIPAL--NOMBRE DE PERSONA
Nombre de persona Canosa, Ramón.
9 (RLIN) 34589
245 10 - MENCIÓN DEL TÍTULO
Título Historia menuda de un pueblo gallego
Resto del título : [Vivero] /
Mención de responsabilidad, etc. Ramón Canosa.
250 ## - MENCION DE EDICION
Mención de edición [1ª ed.].
260 ## - PUBLICACIÓN, DISTRIBUCIÓN, ETC.
Lugar de publicación, distribución, etc. Barcelona :
Nombre del editor, distribuidor, etc. Juventud,
Fecha de publicación, distribución, etc. [1953] (
Fabricante Casa Provincial de Caridad, Imp. Escuela)
300 ## - DESCRIPCIÓN FÍSICA
Extensión 159 p., 8 lám. ;
Dimensiones 22 cm.
500 ## - NOTA GENERAL
Nota general Titulo tomado de la pág. 5.
651 #4 - PUNTO DE ACCESO ADICIONAL DE MATERIA--NOMBRE GEOGRÁFICO
Nombre geográfico Vivero-
Subdivisión general Historia.
9 (RLIN) 157554
852 ## - LOCALIZACIÓN
Ubicación ES-MaACL
Número de control de estantería D-9297
Sublocalización o colección R.34608
Holdings
Estatus retirado Estado de pérdida Estado de daño No para préstamo Biblioteca de origen Biblioteca actual Ubicación en estantería Fecha de adquisición Fuente de adquisición Total de préstamos Signatura topográfica completa Código de barras Visto por última vez Precio de reemplazo Tipo de ítem Koha
        Biblioteca del Ateneo de Madrid Biblioteca del Ateneo de Madrid Sala Valle Inclán 17/01/2008     D-9297 901041681 23/02/2023 23/02/2023 Libro impreso